000 01230nam a2200361 i 4500
001 25496
003 KOSZ 005
005 20200406153953.0
008 070725s1971 pl a f f 001 0 pol
015 _aPB 1972/1233
040 _aWA N
_cWA N
_dKOSZ 005/RW
046 _k1971
080 _a512
100 1 _aBiałynicki-Birula, Andrzej
_d(1935- )
_eAutor
245 1 0 _aAlgebra /
_cAndrzej Białynicki-Birula.
260 _aWarszawa :
_bPaństwowe Wydawnictwo Naukowe,
_c1971.
300 _a287, [4] stron :
_bilustracje ;
_c25 cm.
336 _aTekst
_btxt
_2rdacontent
337 _aBez urządzenia pośredniczącego
_bn
_2rdamedia
338 _aWolumin
_bnc
_2rdacarrier
380 _aKsiążki.
380 _aPublikacje dydaktyczne
388 _a1901-2000
490 1 _aBiblioteka Matematyczna ;
_vt. 40.
504 _aBibliografia na stronie [276]. Indeks.
658 _aMatematyka
655 4 _aPodręczniki akademickie
650 4 _aAlgebra
710 2 _aPaństwowe Wydawnictwo Naukowe
_4pbl.
830 0 _aBiblioteka Matematyczna,
_vt. 40.
856 _uhttp://koha.tu.koszalin.pl/cgi-bin/koha/opac-detail.pl?biblionumber=25496
_yKatalog online BPK
942 _2UKD
_cKS
999 _c25496
_d25496